Orchestral Excerpts : from the Symphonic Repertoire for Cello : Volume I (Record no. 28924)

000 -LEADER
fixed length control field 00784nam a22002057a 4500
003 - CONTROL NUMBER IDENTIFIER
control field OSt
005 - DATE AND TIME OF LATEST TRANSACTION
control field 20260422135017.0
008 - FIXED-LENGTH DATA ELEMENTS--GENERAL INFORMATION
fixed length control field 211109b ||||| |||| 00| 0 eng d
040 ## - CATALOGING SOURCE
Original cataloging agency BSHUA
Language of cataloging Shqip
050 ## - LIBRARY OF CONGRESS CALL NUMBER
Item number 787.3/Orch.
082 ## - DEWEY DECIMAL CLASSIFICATION NUMBER
Classification number 787.3/Orch.
245 ## - TITLE STATEMENT
Title Orchestral Excerpts : from the Symphonic Repertoire for Cello : Volume I
260 ## - PUBLICATION, DISTRIBUTION, ETC. (IMPRINT)
Place of publication, distribution, etc New York :
Name of publisher, distributor, etc International Music Company,
Date of publication, distribution, etc 1953.
300 ## - PHYSICAL DESCRIPTION
Extent 60 f.; me nota
Dimensions 31 cm.
653 ## - INDEX TERM--UNCONTROLLED
Uncontrolled term Muzika boterore - Muzika instrumentale - Muzike per Celo - Ushtrime -
-- Ushtrime orkestrale nga repertoret simfonik - Volumi I -
-- Kompozitoret boterore - Arensky - Beethoven - Berlioz - Bizet - Brahms - Mozart etj.
700 ## - ADDED ENTRY--PERSONAL NAME
Relator code compiled and edited by Leonard Rose
856 ## - ELECTRONIC LOCATION AND ACCESS
Link text Fulltext
942 ## - ADDED ENTRY ELEMENTS (KOHA)
Source of classification or shelving scheme
Koha item type Music Parts
953 ## - Fulltext
Is Fulltext Available Unavailable
Holdings
Withdrawn status Lost status Source of classification or shelving scheme Damaged status Not for loan Permanent Location Current Location Date acquired Cost, normal purchase price Full call number Barcode Date last seen Price effective from Koha item type
          Biblioteka e Universitetit te Arteve - Fondi i Mbyllur Biblioteka e Universitetit te Arteve - Fondi i Mbyllur 2026-04-22 500.00 787.3/Orch. 68533 2026-04-22 2026-04-22 Music Parts
^
Universiteti i Arteve, Tiranë
Projekt i realizuar më Tetor, 2011.
Powered by: Koha
Developed by: Erjon Sulaj